Labor Day Trivia - Statistics

General Stats
  • This quiz has been taken 69 times
  • The average score is 5 of 10
Answer Stats
Hint Answer % Correct
According to one poll, 52% of Americans consider Labor Day as the end of what? Summer
88%
Color that by tradition is not allowed to be worn after Labor Day White
86%
What Sports League traditionally plays their first game the Thursday after Labor Day? NFL
64%
Thanksgiving
54%
What Asian Country celebrates both Thanksgiving and Labor Day on November 23? Japan
46%
Where was the first Labor Day parade held in the U.S.? New York City
45%
What day is Labor Day celebrated on in most of the world? May 1
32%
President who made Labor Day a Federal Holiday Grover Cleveland
21%
What two holidays is Labor Day meant to be halfway between? (According to one claim) Fourth of July
14%
What was the first State to make it a State Holiday? Oregon
9%
No matching quizzes found
Score Distribution
Percent of People with Each Score
Percentile by Number Answered
Your Score History
You have not taken this quiz